Score 0/30 Timer 05:00
0 Plays Today
english spanish % Correct
to flyvolar
86.5%
passportpasaporte
73%
planeavion
67.6%
motorcyclemoto
64.9%
mapmapa
62.2%
walkcaminar
59.5%
stationestacion
59.5%
carauto
48.6%
ticketbillete
43.2%
guideguia
40.5%
departuresalida
37.8%
exchange moneycambiar dinero
29.7%
neighborhood vecindario
27%
luggagemaletas
24.3%
customsla aduana
21.6%
english spanish % Correct
reclaimreclamar
21.6%
traveler's checkcheque de viaje
16.2%
destinationdestino
16.2%
to hitch hikehaciendo dedo
13.5%
take offdespegue
13.5%
addressdirrecion
13.5%
landingaterrizada
10.8%
tow truckgruje
8.1%
routetrayecto
8.1%
a setbackcontratiempo
8.1%
countermostrador
8.1%
locallugareño
5.4%
ferrytransborador
5.4%
road waysenda viel
5.4%
trunk(of a car)maletero
5.4%
Remove Ads.
Support Sporcle.
Get the best of Sporcle when you Go Orange. This ad-free experience offers more features, more stats, and more fun while also helping to support Sporcle. Thank you for becoming a member.

You're not logged in!

Compare scores with friends on all Sporcle quizzes.
OR
Log In

Sporcle TV

Today on Sporcle TV


Watch our educational content, quiz creation guides, and fun videos on Sporcle TV.

Show Comments

Extras

Top Quizzes Today


Score Distribution

Paid Content

Your Account Isn't Verified!

In order to create a playlist on Sporcle, you need to verify the email address you used during registration. Go to your Sporcle Settings to finish the process.

Report this User

Report this user for behavior that violates our Community Guidelines.

Details: